000 00696nam a22002057a 4500
005 20180731142244.0
010 _a1718EN-30 ENG-121736
020 _a9789382968634
_c895.00
035 _aEN-105268
037 _bPansy Books
_adpl
037 _bDBAD/PUB
082 _a485
100 _aKrishna Kumar Singh
245 _aHow to write correct english /
_cby Krishna Kumar Singh
260 _aNew Delhi
_bAvni Pub.
_c2017
270 _aRZ-45D, Street No.2, Main Sagarpur,
_bNew Delhi
_e110046
300 v _a288p.
_c23cm(Hb)
942 _2ddc
_cEN
_mKRI
_h485
999 _c146354
_d146354